000 00357nam a2200133Ia 4500
008 151001s9999||||xx |||||||||||||| ||und||
100 _aM N Roy
245 _aFrom the communist Manifesto to Radical Humanism
250 _a1
260 _bRenissance
260 _c1999
300 _a112
365 _b18
999 _c976507
_d976504